000
00318nam a2200157Ia 4500
100
_a
Kani/Nagoor A
650
_a
Signals and systems
942
_c
BK
366
_f
22
654
_a
signals
245
_a
Signals and systems
260
_b
McGraw - Hill
_c
2010
082
_b
KAN
546
_a
ENGLISH
999
_c
23016
_d
23016